La autonomía es un modelo de gobierno para transformar a toda Nicaragua en un país intercultural

Guardado en:
书目详细资料
格式: Texto
主题:
标签: 添加标签
没有标签, 成为第一个标记此记录!

MARC

LEADER 00000 a a2200000 04500
001 18899
003
040
245 |a La autonomía es un modelo de gobierno para transformar a toda Nicaragua en un país intercultural  
500 |a Entrevista con Mirna Cunningham  
650 |a POLITICA  
650 |a AUTONOMIA  
650 |a GRUPOS ETNICOS  
650 |a NICARAGUA  
773 |g número 50; páginas 11-19  
999 |c 32534  |d 32534